Emblems of the Holy Spirit / (Record no. 4598)
[ view plain ]
| 000 -LEADER | |
|---|---|
| fixed length control field | 01096cam a2200337Ia 4500 |
| 001 - CONTROL NUMBER | |
| control field | 25858053 |
| 003 - CONTROL NUMBER IDENTIFIER | |
| control field | OCoLC |
| 005 - DATE AND TIME OF LATEST TRANSACTION | |
| control field | 20181210164134.0 |
| 008 - FIXED-LENGTH DATA ELEMENTS--GENERAL INFORMATION | |
| fixed length control field | 920521r19571884miu b 000 0 eng d |
| 010 ## - LIBRARY OF CONGRESS CONTROL NUMBER | |
| Canceled/invalid LC control number | 63011465 |
| 020 ## - INTERNATIONAL STANDARD BOOK NUMBER | |
| International Standard Book Number | 0825432227 |
| 020 ## - INTERNATIONAL STANDARD BOOK NUMBER | |
| International Standard Book Number | 9780825432224 |
| 020 ## - INTERNATIONAL STANDARD BOOK NUMBER | |
| International Standard Book Number | 0825432014 |
| 020 ## - INTERNATIONAL STANDARD BOOK NUMBER | |
| International Standard Book Number | 9780825432019 |
| 035 ## - SYSTEM CONTROL NUMBER | |
| System control number | (OCoLC)25858053 |
| 040 ## - CATALOGING SOURCE | |
| Original cataloging agency | BCT |
| Transcribing agency | BCT |
| Modifying agency | OCLCQ |
| 082 #4 - DEWEY DECIMAL CLASSIFICATION NUMBER | |
| Classification number | 246.64 |
| Item number | M365E |
| 090 ## - LOCALLY ASSIGNED LC-TYPE CALL NUMBER (OCLC); LOCAL CALL NUMBER (RLIN) | |
| Classification number (OCLC) (R) ; Classification number, CALL (RLIN) (NR) | BT123 |
| Local cutter number (OCLC) ; Book number/undivided call number, CALL (RLIN) | .M37 1957b |
| 092 ## - LOCALLY ASSIGNED DEWEY CALL NUMBER (OCLC) | |
| Classification number | 231.3 |
| Item number | W3656 |
| 100 1# - MAIN ENTRY--PERSONAL NAME | |
| Personal name | Marsh, F. E. |
| Fuller form of name | (Frederick Edward), |
| Dates associated with a name | 1858-1919. |
| 245 10 - TITLE STATEMENT | |
| Title | Emblems of the Holy Spirit / |
| Statement of responsibility, etc. | F.E. Marsh. |
| 260 ## - PUBLICATION, DISTRIBUTION, ETC. | |
| Place of publication, distribution, etc. | Grand Rapids, Mich. : |
| Name of publisher, distributor, etc. | Kregel Publications, |
| Date of publication, distribution, etc. | 1957 |
| Date of manufacture | ([1987] printing) |
| 300 ## - PHYSICAL DESCRIPTION | |
| Extent | ix, 257, [2] p. ; |
| Dimensions | 22 cm. |
| 490 1# - SERIES STATEMENT | |
| Series statement | Marsh Bible study series |
| 500 ## - GENERAL NOTE | |
| General note | Reprint. Originally published as book: London : J.F. Shaw, 1884 (reprinted from Footsteps of truth). |
| 504 ## - BIBLIOGRAPHY, ETC. NOTE | |
| Bibliography, etc. note | Includes bibliographical references (p. [259]). |
| 650 #0 - SUBJECT ADDED ENTRY--TOPICAL TERM | |
| Topical term or geographic name entry element | Holy Spirit |
| General subdivision | Symbolism. |
| 650 #0 - SUBJECT ADDED ENTRY--TOPICAL TERM | |
| Topical term or geographic name entry element | Holy Spirit |
| General subdivision | Biblical teaching. |
| 830 #0 - SERIES ADDED ENTRY--UNIFORM TITLE | |
| Uniform title | Marsh Bible study series. |
| 942 ## - ADDED ENTRY ELEMENTS (KOHA) | |
| Source of classification or shelving scheme | Dewey Decimal Classification |
| Koha item type | Books |
| Withdrawn status | Lost status | Source of classification or shelving scheme | Damaged status | Not for loan | Collection code | Home library | Current library | Shelving location | Date acquired | Cost, normal purchase price | Total Checkouts | Full call number | Barcode | Date last seen | Price effective from | Koha item type |
|---|---|---|---|---|---|---|---|---|---|---|---|---|---|---|---|---|
| Dewey Decimal Classification | Not For Loan | Non-fiction | Harvest Mission College | Harvest Mission College | General Stacks | 10.12.2018 | 250.00 | 246.64 M365E | 005280 | 10.12.2018 | 10.12.2018 | Books |
